AH International Schools' Libraries

Peppa Pig: The Big Tale of Little Peppa/ (Record no. 47365)

MARC details
000 -LEADER
fixed length control field 00341nam a2200109 4500
020 ## - INTERNATIONAL STANDARD BOOK NUMBER
International Standard Book Number 9780723293132
100 ## - MAIN ENTRY--PERSONAL NAME
Personal name Archer, Mandy,
Relator term author.
9 (RLIN) 82858
245 ## - TITLE STATEMENT
Title Peppa Pig: The Big Tale of Little Peppa/
Statement of responsibility, etc written by Mandy Archer.
260 ## - PUBLICATION, DISTRIBUTION, ETC. (IMPRINT)
Place of publication, distribution, etc UK:
Name of publisher, distributor, etc Ladybird books;
Date of publication, distribution, etc 2014.
300 ## - PHYSICAL DESCRIPTION
Extent 32 pages.
Dimensions 10.51 x 0.31 x 10.63 inches.
942 ## - ADDED ENTRY ELEMENTS (KOHA)
Source of classification or shelving scheme
Koha item type Book
Holdings
Withdrawn status Lost status Source of classification or shelving scheme Damaged status Not for loan Home library Current library Date acquired Total Checkouts Full call number Barcode Checked out Date last seen Date checked out Price effective from Koha item type
          Logos International School Logos International School 09/12/2024 5 E PEP 040024 07/21/2026 03/04/2026 03/04/2026 09/12/2024 Book

For any Logos Library related questions please contact Miss Art at swongnarasuk@asianhope.org.

For any Asian Hope Library related questions please contact Miss Raza at graza@asianhope.org.

Click here to explore our ebooks!

Powered by Koha